000 00453nam a2200169Ia 4500
003 GCL
008 140319s9999 xx 000 0 ara d
040 _aGCL /
_cGCL
082 0 4 _a239
_bم ق
100 1 _aمحمد رواس قلعة
245 1 0 _aقراءة سياسية للسيرة النبوية /
_cمحمد رواس قلعة
300 _a327
490 _a
650 0 4 _aتاريخ
650 0 4 _aالسيرة النبوية
942 _2ddc
_cBK
999 _c44209
_d44209